Automotive chassis systems

Covers all of the fundamental and advanced brake, steering and suspension system topics, as well as the practical skills that students must master to be successful in the industry.

Kaydedildi:
Detaylı Bibliyografya
Yazar: Halderman, James D.
Materyal Türü: Kitap
Dil:Vietnamese
Baskı/Yayın Bilgisi: Boston Pearson 2017
Edisyon:7th ed.
Konular:
Etiketler: Etiketle
Etiket eklenmemiş, İlk siz ekleyin!
Thư viện lưu trữ: Thư viện Trường Đại học Nam Cần Thơ
LEADER 00960nam a22002177a 4500
001 NCT_65078
008 190808b xxu||||| |||| 00| 0 vie d
999 |c 3152  |d 3152 
020 |a 9780134064451  |c 4771500 
082 0 4 |2 23rd ed.  |a 629.24  |b H316 
100 1 |a Halderman, James D. 
245 1 0 |a Automotive chassis systems  |c James D. Halderman 
250 |a 7th ed. 
260 |a Boston  |b Pearson  |c 2017 
300 |a xvii, 734 p.  |b ill.  |c 28cm 
504 |a Includes glossary and index. 
520 3 |a Covers all of the fundamental and advanced brake, steering and suspension system topics, as well as the practical skills that students must master to be successful in the industry. 
653 |a Công nghệ kỹ thuật ô tô 
942 |2 ddc  |c BK 
952 |0 0  |1 0  |2 ddc  |4 0  |6 629_240000000000000_H316  |7 0  |9 17016  |a 000001  |b 000001  |d 2019-08-08  |o 629.24 H316  |p MD.16026  |r 2019-08-08  |v 999999.99  |w 2019-08-08  |y BK 
980 |a Thư viện Trường Đại học Nam Cần Thơ